00825nam a2200205 i 450000100060000000300090000600500170001500700030003200800410003510000280007624501410010426000410024530000390028649000360032570000280036183000550038985200320044499900170047695201260049357210ES-MaACL20250815082225.0t|031015s1959 sp ||||1| spa d1 aDonzallaz, Paul.94535113aLa Estadística comercial b: método de análisis de las Empresas /cPaul Donzallaz ; traducción del francés por Mariano Quirce. aMadrid : bAguilar, c1959 (fBlass) aXIX, 231 p. : bgráf. ; c22 cm.1 aBiblioteca de ciencias sociales1 aQuirce, Mariano.99475900aBiblioteca de ciencias sociales (Aguilar) 9220462 aES-MaACLjC-16262 bR.44253 c57210d57210 00104070aATENEOMbATENEOMcGaleríad2008-01-17eSCl0oC-16262p1060068r2023-02-23 00:00:00w2023-02-23yMONOGRAFIA